South Korea Quiz - Statistics

General Stats
  • This quiz has been taken 28 times
  • The average score is 6 of 13
Answer Stats
Hint Answer % Correct
Biggest Korean company Samsung
91%
Movie that won 4 Oscars in 2020 Parasite
83%
How Koreans call Korea Hanguk
61%
Founder of the Korean writing system Sejong
61%
Korean Thanksgiving Chuseok
57%
Biggest of the three Kingdoms of ancient Korea Goguryeo
39%
Tallest Mountain Hallasan
39%
What does BTS stand for? Bangtan Sonyeondan
35%
State that is famous for its bread Daejeon
30%
Korean author who won the nobel prize for literature Han Kang
30%
What the name of the biggest korean company means three stars
30%
What happened on the 18 May 1980 – 27 May 1980 Gwangju uprising
13%
National holiday (Independence Day) August 15th
9%
No matching quizzes found
Score Distribution
Percent of People with Each Score
Percentile by Number Answered
Your Score History
You have not taken this quiz